Kelly's Dimensions of professional nursing / (Record no. 4340)

000 -LEADER
fixed length control field 01520cam a22003974a 4500
001 - CONTROL NUMBER
control field 13004735
003 - CONTROL NUMBER IDENTIFIER
control field OSt
005 - DATE AND TIME OF LATEST TRANSACTION
control field 20220322122708.0
008 - FIXED-LENGTH DATA ELEMENTS--GENERAL INFORMATION
fixed length control field 021118s2003 nyua b 001 0 eng
010 ## - LIBRARY OF CONGRESS CONTROL NUMBER
LC control number 2002043249
020 ## - INTERNATIONAL STANDARD BOOK NUMBER
International Standard Book Number 0071406395 (pbk. : alk. paper)
035 ## - SYSTEM CONTROL NUMBER
System control number (DNLM)101159813
040 ## - CATALOGING SOURCE
Original cataloging agency DNLM/DLC
Transcribing agency ALUPE UNIVERSITY
Modifying agency DLC
042 ## - AUTHENTICATION CODE
Authentication code pcc
043 ## - GEOGRAPHIC AREA CODE
Geographic area code n-us---
050 00 - LIBRARY OF CONGRESS CALL NUMBER
Classification number RT82
Item number .J63 2003
060 10 - NATIONAL LIBRARY OF MEDICINE CALL NUMBER
Classification number WY 16
Item number J64k 2003
082 00 - DEWEY DECIMAL CLASSIFICATION NUMBER
Classification number 610.73
Edition number 21
100 1# - MAIN ENTRY--PERSONAL NAME
Personal name Joel, Lucille A.
245 10 - TITLE STATEMENT
Title Kelly's Dimensions of professional nursing /
Statement of responsibility, etc. Lucille A. Joel.
246 30 - VARYING FORM OF TITLE
Title proper/short title Dimensions of professional nursing
250 ## - EDITION STATEMENT
Edition statement 9th ed.
260 ## - PUBLICATION, DISTRIBUTION, ETC.
Place of publication, distribution, etc. New York :
Name of publisher, distributor, etc. McGraw-Hill, Medical Pub. Division,
Date of publication, distribution, etc. c2003.
300 ## - PHYSICAL DESCRIPTION
Extent ix, 759 p. :
Other physical details ill. ;
Dimensions 24 cm.
500 ## - GENERAL NOTE
General note Rev. ed. of: Dimensions of professional nursing / Lucie Young Kelly. 8th ed. 1999.
504 ## - BIBLIOGRAPHY, ETC. NOTE
Bibliography, etc. note Includes bibliographical references and index.
650 #0 - SUBJECT ADDED ENTRY--TOPICAL TERM
Topical term or geographic name entry element Nursing.
650 #0 - SUBJECT ADDED ENTRY--TOPICAL TERM
Topical term or geographic name entry element Nursing
Geographic subdivision United States.
650 12 - SUBJECT ADDED ENTRY--TOPICAL TERM
Topical term or geographic name entry element Nursing.
700 1# - ADDED ENTRY--PERSONAL NAME
Personal name Kelly, Lucie Young.
Title of a work Dimensions of professional nursing.
856 42 - ELECTRONIC LOCATION AND ACCESS
Materials specified Publisher description
Uniform Resource Identifier <a href="http://www.loc.gov/catdir/description/mh031/2002043249.html">http://www.loc.gov/catdir/description/mh031/2002043249.html</a>
856 42 - ELECTRONIC LOCATION AND ACCESS
Materials specified Contributor biographical information
Uniform Resource Identifier <a href="http://www.loc.gov/catdir/enhancements/fy0705/2002043249-b.html">http://www.loc.gov/catdir/enhancements/fy0705/2002043249-b.html</a>
906 ## - LOCAL DATA ELEMENT F, LDF (RLIN)
a 7
b cbc
c orignew
d 1
e ocip
f 20
g y-gencatlg
942 ## - ADDED ENTRY ELEMENTS (KOHA)
Source of classification or shelving scheme
Koha item type Book
Suppress in OPAC JO
Holdings
Withdrawn status Lost status Source of classification or shelving scheme Damaged status Not for loan Permanent Location Current Location Shelving location Date acquired Source of acquisition Total Checkouts Full call number Barcode Date last seen Price effective from Koha item type Public note
          AU LIBRARY AU LIBRARY Open Shelf 22.03.2022 DONATION FROM MOI UNIVERSITY   RT82 .J63 2003 28006258 22.03.2022 22.03.2022 Book JO

Powered by Koha